000
00477nam a2200145Ia 4500
008
151213s9999 xx 000 0 und d
100
_a
সত্যেন সেন।
245
_a
বাংলার পথে পথে।
_c
সত্যেন সেন।
260
_b
বালিকালয় প্রকাশনী।
_c
1970
300
_a
8760 p.
650
_a
Bangla
650
_a
উপন্যাস
700
_a
সত্যেন সেন।
999
_c
4545
_d
4545